[Event "14th EUR-ch"]
[Site "Legnica POL"]
[Date "2013.05.07"]
[Round "3"]
[White "Kanter, Eduard"]
[Black "Shomoev, Anton"]
[Result "0-1"]
[WhiteElo "2418"]
[BlackElo "2561"]
[EventDate "2013.05.05"]
[PlyCount "82"]

1.d4 g6 2.c4 Bg7 3.Nf3 d6 4.Nc3 c5 5.d5 e6 6.e4 Ne7 7.Be2 O-O 8.O-O a6 9.
a4 h6 10.a5 g5 11.Na4 Ng6 12.Nb6 Ra7 13.Rb1 exd5 14.cxd5 Nd7 15.Nxc8 Qxc8 
16.Be3 Re8 17.Nd2 Nf6 18.b4 Nxe4 19.Nxe4 Rxe4 20.bxc5 Rxe3 21.fxe3 Qxc5 
22.Qc1 Bc3 23.Rb3 Bxa5 24.Qb2 Ne5 25.Rc1 Qxd5 26.Rc8+ Kg7 27.Bf3 Qe6 28.
Rxb7 Qxc8 29.Rxa7 Qc5 30.Rb7 Qxe3+ 31.Qf2 Qf4 32.Be2 Qe4 33.Bxa6 Bb4 34.
Qf1 d5 35.Kh1 Bc5 36.Be2 d4 37.Bf3 Nxf3 38.Rb5 Nd2 39.Qf2 Qc2 40.h4 Qd1+ 
41.Kh2 Bd6+ 0-1

[Event "14th EUR-ch"]
[Site "Legnica POL"]
[Date "2013.05.07"]
[Round "3"]
[White "Caprio, Guido"]
[Black "Moranda, Wojciech"]
[Result "0-1"]
[WhiteElo "2413"]
[BlackElo "2560"]
[EventDate "2013.05.05"]
[PlyCount "70"]

1.d4 Nf6 2.c4 g6 3.Nc3 Bg7 4.e4 d6 5.Nf3 O-O 6.h3 e5 7.d5 a5 8.g4 Na6 9.
Be3 Nc5 10.Nd2 Ne8 11.h4 f5 12.g5 c6 13.h5 Rf7 14.Rg1 Bd7 15.Bxc5 dxc5 16.
Bh3 Nd6 17.Qe2 a4 18.O-O-O a3 19.b3 Qe7 20.h6 Bh8 21.Qe3 b6 22.exf5 gxf5 
23.dxc6 Bxc6 24.g6 hxg6 25.Nf3 Qf6 26.Nh4 Qxh4 27.Rxd6 Bb7 28.Rdxg6+ Kh7 
29.Rxb6 Bc8 30.Bg2 Qh2 31.Ne2 e4 32.Qg5 Be6 33.Bf3 Bb2+ 34.Kb1 exf3 35.Nf4
Bf6 0-1

[Event "14th EUR-ch"]
[Site "Legnica POL"]
[Date "2013.05.07"]
[Round "3"]
[White "Butkiewicz, Lukasz"]
[Black "Grandelius, Nils"]
[Result "0-1"]
[WhiteElo "2410"]
[BlackElo "2556"]
[EventDate "2013.05.05"]
[PlyCount "64"]

1.e4 c5 2.Nf3 d6 3.d4 cxd4 4.Nxd4 Nf6 5.Nc3 a6 6.Bg5 Nbd7 7.f4 Qa5 8.Nb3 
Qc7 9.Qe2 e5 10.f5 b5 11.O-O-O Be7 12.Bxf6 Nxf6 13.g4 b4 14.Nd5 Nxd5 15.
exd5 h5 16.h4 a5 17.Kb1 a4 18.Nd2 a3 19.Qb5+ Bd7 20.Qxb4 Ra4 21.Qb3 O-O 
22.Bb5 Bxb5 23.Qxb5 Rxg4 24.Qc6 Qb8 25.b3 Rc8 26.Qa6 Rc5 27.Qxa3 Rxd5 28.
Nf3 Rxd1+ 29.Rxd1 Qb7 30.Nd2 Rxh4 31.Qb2 Bg5 32.Qc3 Rd4 0-1

[Event "14th EUR-ch"]
[Site "Legnica POL"]
[Date "2013.05.07"]
[Round "3"]
[White "Hnydiuk, Aleksander"]
[Black "Djukic, Nikola"]
[Result "1/2-1/2"]
[WhiteElo "2409"]
[BlackElo "2555"]
[EventDate "2013.05.05"]
[PlyCount "95"]

1.e4 c5 2.Nf3 Nc6 3.Bb5 g6 4.Bxc6 bxc6 5.O-O Bg7 6.Re1 Nh6 7.c3 O-O 8.d4 
cxd4 9.cxd4 d6 10.Nc3 f6 11.b3 Nf7 12.Bb2 Qa5 13.Nd2 Qg5 14.Nc4 Bh3 15.Qf3
Bg4 16.Qg3 Qh5 17.Rac1 e5 18.h3 Be6 19.d5 cxd5 20.Nxd5 Bxd5 21.exd5 f5 22.
f4 exf4 23.Qxf4 Bxb2 24.Nxb2 Ne5 25.Rc7 Rae8 26.Rec1 g5 27.Qd4 g4 28.Nd3 
gxh3 29.Nxe5 Rxe5 30.Qc3 hxg2 31.Qg3+ Qg4 32.Qxg4+ fxg4 33.Rxa7 Rf7 34.
Rxf7 Kxf7 35.a4 Rxd5 36.Ra1 Ke6 37.a5 Rb5 38.a6 Rb8 39.b4 Kd5 40.b5 Kc5 
41.Rc1+ Kb6 42.Rc6+ Kxb5 43.Rxd6 Ra8 44.Rh6 Rxa6 45.Rxh7 Ra3 46.Kxg2 Rh3 
47.Rxh3 gxh3+ 48.Kxh3 1/2-1/2

[Event "14th EUR-ch"]
[Site "Legnica POL"]
[Date "2013.05.07"]
[Round "3"]
[White "Goganov, Alexei"]
[Black "Vesterbaek Pedersen, Nicolai"]
[Result "1-0"]
[WhiteElo "2552"]
[BlackElo "2406"]
[EventDate "2013.05.05"]
[PlyCount "109"]

1.c4 Nf6 2.Nc3 e5 3.Nf3 Nc6 4.g3 d5 5.cxd5 Nxd5 6.Bg2 Nb6 7.O-O Be7 8.a3 
O-O 9.b4 Be6 10.d3 f6 11.Bb2 Qe8 12.Ne4 Qf7 13.Rc1 Rfc8 14.Nc5 Bxc5 15.
Rxc5 Nd7 16.Rc1 a5 17.b5 Na7 18.Qa4 b6 19.Nd2 Bd5 20.e4 Bb7 21.d4 c6 22.
bxc6 Bxc6 23.Qc4 Qxc4 24.Nxc4 Bb5 25.Bh3 Bxc4 26.Rxc4 Rxc4 27.Be6+ Kf8 28.
Bxc4 Ke7 29.dxe5 Nxe5 30.Bd5 Rc8 31.a4 Nc4 32.Ba1 Nd2 33.Rd1 Rc2 34.e5 Nc6
35.exf6+ gxf6 36.Bxc6 Rxc6 37.Bxf6+ Kxf6 38.Rxd2 Ke5 39.Rb2 Kd6 40.Kg2 Kd5
41.Rb5+ Ke4 42.h4 Rf6 43.Rh5 h6 44.Rb5 Rg6 45.f3+ Ke3 46.g4 Rc6 47.Kg3 Rd6
48.Rb3+ Kd4 49.g5 h5 50.Kf4 Kc4 51.Rb5 Rd4+ 52.Kf5 Rxh4 53.g6 Rh3 54.g7 
Rg3 55.Kf6 1-0

[Event "14th EUR-ch"]
[Site "Legnica POL"]
[Date "2013.05.07"]
[Round "3"]
[White "Kanovsky, David"]
[Black "Stocek, Jiri"]
[Result "1/2-1/2"]
[WhiteElo "2404"]
[BlackElo "2549"]
[EventDate "2013.05.05"]
[PlyCount "184"]

1.e4 g6 2.d4 Bg7 3.c3 c5 4.dxc5 Qc7 5.Be3 Nf6 6.Nd2 O-O 7.h3 d6 8.cxd6 
exd6 9.Ngf3 d5 10.e5 Nfd7 11.Be2 Nc6 12.O-O Ndxe5 13.Nxe5 Nxe5 14.Bd4 Bh6 
15.Re1 Nc6 16.Nb3 Re8 17.Bf3 Be6 18.Re2 Nxd4 19.Nxd4 Bg7 20.Qd3 Qd6 21.
Rae1 Bd7 22.Nc2 Rxe2 23.Rxe2 Rd8 24.Nd4 h5 25.h4 a6 26.g3 Rc8 27.Kg2 Rc4 
28.Nc2 Rc5 29.Nd4 Ra5 30.a3 Ra4 31.Qe3 Bxd4 32.cxd4 Rc4 33.Qe5 Qxe5 34.
Rxe5 Kf8 35.Rxd5 Bc6 36.Rd8+ Ke7 37.Rb8 Rxd4 38.Bxc6 bxc6 39.Rb6 Rd2 40.b4
a5 41.Rxc6 axb4 42.axb4 Rb2 43.Rb6 Rb3 44.b5 Kd7 45.Rb8 Ke6 46.b6 Kf5 47.
Rb7 f6 48.Rb8 Kg4 49.b7 Kf5 50.f3 Rb2+ 51.Kf1 Rb1+ 52.Ke2 Rb3 53.Kf2 Rb2+ 
54.Ke3 Rb3+ 55.Kd4 Rb1 56.Kd5 Rd1+ 57.Kc6 Rc1+ 58.Kd6 Rd1+ 59.Ke7 Rb1 60.
Kf7 Rb6 61.Kg7 g5 62.hxg5 Kxg5 63.Kh7 Kf5 64.Kh6 Rb1 65.Ra8 Rxb7 66.Ra5+ 
Ke6 67.Kg6 Rb8 68.Ra6+ Ke7 69.Kxh5 Rh8+ 70.Kg4 Kf7 71.f4 Rg8+ 72.Kf5 Rxg3 
73.Ra7+ Kg8 74.Kxf6 Rb3 75.Ra8+ Kh7 76.Re8 Rf3 77.f5 Rf1 78.Rd8 Rf2 79.Rf8
Ra2 80.Re8 Rf2 81.Ra8 Rf1 82.Ke6 Kg7 83.Ra7+ Kf8 84.Kf6 Kg8 85.Ra2 Rf3 86.
Rg2+ Kf8 87.Kg6 Ke7 88.Rg5 Rf1 89.Kg7 Rf2 90.f6+ Rxf6 91.Re5+ Re6 92.Rxe6+
Kxe6 1/2-1/2

[Event "14th EUR-ch"]
[Site "Legnica POL"]
[Date "2013.05.07"]
[Round "3"]
[White "Pap, Gyula"]
[Black "Bulmaga, Irina"]
[Result "1-0"]
[WhiteElo "2539"]
[BlackElo "2393"]
[EventDate "2013.05.05"]
[PlyCount "73"]

1.Nf3 Nf6 2.g3 d5 3.Bg2 c6 4.O-O Bg4 5.d3 Nbd7 6.Qe1 e5 7.e4 dxe4 8.dxe4 
Be7 9.Nbd2 O-O 10.Nc4 Qc7 11.Ne3 Bxf3 12.Bxf3 Nc5 13.Nf5 Ne6 14.a4 a5 15.
Nxe7+ Qxe7 16.b3 Rfd8 17.Ba3 Qc7 18.Qe3 Nd4 19.Bd1 b5 20.c3 Ne6 21.Be2 b4 
22.cxb4 axb4 23.Bxb4 Rd4 24.Bc3 Rxe4 25.Qd2 Rd8 26.Qc2 c5 27.Rfc1 Ng5 28.
h4 Nh3+ 29.Kg2 Rxh4 30.gxh4 Nf4+ 31.Kg1 Qc6 32.f3 N6d5 33.Bb5 Qf6 34.Qh2 
Qg6+ 35.Kh1 Qh5 36.Qg3 Rd6 37.Qg4 1-0

[Event "14th EUR-ch"]
[Site "Legnica POL"]
[Date "2013.05.07"]
[Round "3"]
[White "Prizant, Jaroslav"]
[Black "Ernst, Thomas"]
[Result "1-0"]
[WhiteElo "2537"]
[BlackElo "2387"]
[EventDate "2013.05.05"]
[PlyCount "165"]

1.d4 Nf6 2.c4 g6 3.Nf3 Bg7 4.g3 c6 5.Bg2 d5 6.O-O O-O 7.b3 Be6 8.Nbd2 a5 
9.e3 a4 10.Ba3 axb3 11.axb3 h6 12.Qe2 Nbd7 13.cxd5 Nxd5 14.Bb2 Qb6 15.e4 
Nc7 16.Qe3 Nf6 17.h3 Nb5 18.Rfc1 Rxa1 19.Rxa1 Rd8 20.Ra4 Ne8 21.Bf1 Ned6 
22.Qe1 Nc7 23.Bc3 Ra8 24.Qa1 Rxa4 25.bxa4 Na6 26.Ne5 Qc7 27.Qb2 Nb8 28.f4 
h5 29.a5 Bxe5 30.fxe5 Nb5 31.d5 Nxc3 32.Qxc3 Bc8 33.Nb3 Nd7 34.e6 fxe6 35.
dxc6 bxc6 36.Qe3 c5 37.Qc3 Bb7 38.Bb5 Bxe4 39.Bxd7 Qxd7 40.Nxc5 Qd1+ 41.
Kf2 Bd5 42.Qd3 Qc1 43.Qxg6+ Kh8 44.Qxh5+ Kg7 45.Nd3 Qd2+ 46.Qe2 Qxa5 47.g4
Qc7 48.Qe5+ Qxe5 49.Nxe5 Kf6 50.Nd7+ Kg5 51.Kg3 Bb3 52.h4+ Kh6 53.Kf4 Bd1 
54.Ne5 Be2 55.Nc6 Bd1 56.Nxe7 Be2 57.Nc6 Bd1 58.Ne5 Be2 59.Nf3 Bd1 60.Ng5 
Bb3 61.Ne4 Bc4 62.h5 Be2 63.Kg3 e5 64.Kh4 Bd3 65.Nf6 Kg7 66.g5 Bf5 67.Nd5 
e4 68.Ne3 Be6 69.Kg3 Kh7 70.Ng2 Bf7 71.Kg4 Be6+ 72.Kh4 Bf7 73.Nf4 Bb3 74.
Ng2 Bf7 75.Ne3 Be8 76.Nd5 Bc6 77.g6+ Kg7 78.Ne7 e3 79.Nf5+ Kf6 80.Nxe3 Be8
81.Ng4+ Kf5 82.g7 Bf7 83.Nh6+ 1-0

[Event "14th EUR-ch"]
[Site "Legnica POL"]
[Date "2013.05.07"]
[Round "3"]
[White "Zoler, Dan"]
[Black "Erturan, Yakup"]
[Result "1-0"]
[WhiteElo "2533"]
[BlackElo "2386"]
[EventDate "2013.05.05"]
[PlyCount "68"]

1.d4 Nf6 2.c4 g6 3.Nc3 d5 4.Qb3 dxc4 5.Qxc4 Bg7 6.e4 O-O 7.Bf4 c6 8.Rd1 
Na6 9.Nf3 Qa5 10.Qd3 Rd8 11.Qb1 b5 12.Ne5 Bb7 13.Be2 Nd7 14.Nxd7 Rxd7 15.
e5 b4 16.Ne4 Rad8 17.O-O Rxd4 18.Rxd4 Rxd4 19.Be3 Rd8 20.f4 Nc7 21.Bc5 Bf8
22.Bc4 Ba6 23.Qc1 Rd5 24.Be3 Bxc4 25.Qxc4 Qb5 26.Qxb5 Nxb5 27.Rc1 Nd4 28.
Rc4 Nf5 29.Bxa7 Bh6 30.g3 g5 31.fxg5 Bg7 32.Rxb4 Rxe5 
    ( 32...Bxe5 33.a4 Nd6 34.b3 Bg7 35.Nxd6 Rxd6 36.Rc4 Rd3 37.Rxc6 Rxb3 
    38.a5 )
33.a4 Nd6 34.b3 Nb7 1-0

[Event "14th EUR-ch"]
[Site "Legnica POL"]
[Date "2013.05.07"]
[Round "3"]
[White "Sebenik, Matej"]
[Black "Petrisor, Adrian-Marian"]
[Result "1-0"]
[WhiteElo "2527"]
[BlackElo "2378"]
[EventDate "2013.05.05"]
[PlyCount "63"]

1.c4 Nf6 2.Nc3 d5 3.cxd5 Nxd5 4.g3 e5 5.Bg2 Nb6 6.Nf3 Nc6 7.O-O Be7 8.a3 
g5 9.d4 exd4 10.Nb5 g4 11.Nfxd4 Nxd4 12.Nxd4 h5 13.Qd3 c5 14.Nb5 Qxd3 15.
exd3 O-O 16.Bf4 Bf5 17.Rfe1 Bf6 18.Be5 Nd7 19.Bxf6 Nxf6 20.d4 Bd3 21.Nd6 
cxd4 22.Rad1 Ba6 23.Rxd4 Rad8 24.Red1 Rb8 25.b4 b6 26.Rf4 Kg7 27.Nf5+ Kh8 
28.Ne3 Ne8 29.b5 Bc8 30.Rd8 Kg8 31.Nd5 Kg7 32.Rc4 1-0

[Event "14th EUR-ch"]
[Site "Legnica POL"]
[Date "2013.05.07"]
[Round "3"]
[White "Kovalev, Vladislav"]
[Black "Lomsadze, Davit"]
[Result "1-0"]
[WhiteElo "2523"]
[BlackElo "2370"]
[EventDate "2013.05.05"]
[PlyCount "62"]

1.e4 e5 2.Nf3 Nc6 3.Bb5 a6 4.Ba4 d6 5.c3 Bd7 6.d4 g6 7.Bg5 f6 8.Be3 Bg7 9.
O-O Nh6 10.h3 Nf7 11.Nbd2 O-O 12.Re1 Qe7 13.Bc2 Rad8 14.Nf1 f5 15.exf5 
gxf5 16.Ng3 e4 17.Bf4 Bc8 18.Qc1 d5 19.Nh5 h6 20.Ba4 b5 21.Bb3 Be6 22.Bg3 
Ng5 23.Nh4 Kh7 24.Nf4 Qd7 25.a4 Bf7 26.axb5 axb5 27.Ra6 Ne7 28.Qa1 Nc8 29.
Nhg6 Rg8 30.h4 Nb6 31.hxg5 hxg5 1-0

[Event "14th EUR-ch"]
[Site "Legnica POL"]
[Date "2013.05.07"]
[Round "3"]
[White "Tari, Aryan"]
[Black "Zontakh, Andriy"]
[Result "1/2-1/2"]
[WhiteElo "2385"]
[BlackElo "2521"]
[EventDate "2013.05.05"]
[PlyCount "86"]

1.c4 Nf6 2.Nf3 e6 3.g3 b6 4.Bg2 Bb7 5.O-O c5 6.Nc3 Be7 7.d4 cxd4 8.Qxd4 d6
9.Rd1 a6 10.b3 Nbd7 11.e4 O-O 12.Ba3 Nc5 13.e5 dxe5 14.Qxd8 Rfxd8 15.Nxe5 
Bxg2 16.Kxg2 Rdc8 17.Na4 Rab8 18.Nxc5 Bxc5 19.Bxc5 Rxc5 20.Nd7 Nxd7 21.
Rxd7 b5 22.Rad1 g5 23.cxb5 Rbxb5 24.Ra7 a5 25.Rd3 Rf5 26.Rf3 g4 27.Rxf5 
Rxf5 28.h3 gxh3+ 29.Kxh3 Kg7 30.f4 Rd5 31.a4 e5 32.fxe5 Rxe5 33.Rb7 Kg6 
34.b4 axb4 35.Rxb4 Re3 36.Kg4 Ra3 37.Kf4 h5 38.Rb6+ f6 39.Ra6 Rb3 40.Ra8 
Rb4+ 41.Kf3 Rb3+ 42.Kf4 Rb4+ 43.Kf3 Rb3+ 1/2-1/2

[Event "14th EUR-ch"]
[Site "Legnica POL"]
[Date "2013.05.07"]
[Round "3"]
[White "Zude, Erik"]
[Black "Dragun, Kamil"]
[Result "1/2-1/2"]
[WhiteElo "2382"]
[BlackElo "2520"]
[EventDate "2013.05.05"]
[PlyCount "137"]

1.d4 e6 2.c4 Bb4+ 3.Nc3 b6 4.e4 Nf6 5.Bd3 c5 6.a3 cxd4 7.axb4 dxc3 8.e5 
Bb7 9.Nf3 Ng4 10.Qe2 Qc7 11.Be4 cxb2 12.Bxb2 Nh6 13.b5 a5 14.O-O Ra7 15.
Rfd1 Bxe4 16.Qxe4 Nf5 17.g4 Ne7 18.Ba3 Qb7 19.Qe3 d5 20.exd6 Ng6 21.d7+ 
Nxd7 22.Rd6 O-O 23.Rad1 Qc8 24.h3 Re8 25.Bb2 e5 26.Kh2 Rc7 27.Qg5 h6 28.
Qe3 Ndf8 29.Qxb6 Rxc4 30.Rc6 Rxc6 31.bxc6 Re6 32.Rc1 Rf6 33.Nxe5 Qe6 34.
Qe3 Nxe5 35.Bxe5 Rxf2+ 36.Qxf2 Qxe5+ 37.Kg2 Ne6 38.Rf1 Qc7 39.Rc1 Qe5 40.
Qf1 Qc7 41.Qf3 a4 42.Qd5 a3 43.Qd7 Qxd7 44.cxd7 Kf8 45.Ra1 Ke7 46.Rxa3 
Kxd7 47.Ra7+ Ke8 48.h4 g6 49.Kf3 Kf8 50.Ke4 Kg7 51.Ke5 Nc5 52.Ra3 Nd7+ 53.
Kd6 Nf6 54.Ra4 Ne8+ 55.Ke5 Nf6 56.Rd4 Ne8 57.Rf4 Kf8 58.Rc4 Ke7 59.Rc6 Ng7
60.Ra6 h5 61.Ra7+ Kf8 62.Ra8+ Ke7 63.g5 Ne8 64.Ra7+ Kf8 65.Ra8 Ke7 66.Rb8 
Kf8 67.Kd5 Ke7 68.Rb7+ Kf8 69.Kc6 1/2-1/2

[Event "14th EUR-ch"]
[Site "Legnica POL"]
[Date "2013.05.07"]
[Round "3"]
[White "Mastrovasilis, Athanasios"]
[Black "Izzat, Kanan"]
[Result "1/2-1/2"]
[WhiteElo "2514"]
[BlackElo "2322"]
[EventDate "2013.05.05"]
[PlyCount "107"]

1.d4 Nf6 2.c4 g6 3.Nf3 Bg7 4.g3 c6 5.Bg2 d5 6.cxd5 cxd5 7.O-O O-O 8.Nc3 
Ne4 9.Ne5 Nxc3 10.bxc3 Nc6 11.Nxc6 bxc6 12.Qa4 Qb6 13.Ba3 Qa6 14.Qxa6 Bxa6
15.Rfb1 Bxe2 16.Bxe7 Rfb8 17.Bd6 Rxb1+ 18.Rxb1 Bc4 19.a4 Bh6 20.f4 Bf8 21.
Be5 Be7 22.Bh3 f6 23.Bc7 Kf7 24.Bd7 c5 25.Kf2 cxd4 26.cxd4 a5 27.Rb7 Ba6 
28.Rb6 Ra7 29.Be6+ Kg7 30.Bb8 Rb7 31.Rxa6 Rxb8 32.Rxa5 Rb2+ 33.Ke3 Rb3+ 
34.Ke2 Rb2+ 35.Kd3 Rxh2 36.Ra7 Kf8 37.Ra8+ Kg7 38.Ra7 Kf8 39.a5 Rg2 40.
Bxd5 Rxg3+ 41.Kc4 Ra3 42.a6 Ra5 43.Ra8+ Kg7 44.Ra7 Kf8 45.Ra8+ Kg7 46.a7 
Kh6 47.Bf3 Ba3 48.Bd5 Kh5 49.Be6 Kh4 50.f5 g5 51.d5 g4 52.d6 Bxd6 53.Rd8 
Rxa7 54.Rxd6 1/2-1/2

[Event "14th EUR-ch"]
[Site "Legnica POL"]
[Date "2013.05.07"]
[Round "3"]
[White "Pasiev, Rakhim"]
[Black "Godena, Michele"]
[Result "1/2-1/2"]
[WhiteElo "2379"]
[BlackElo "2511"]
[EventDate "2013.05.05"]
[PlyCount "75"]

1.e4 e5 2.Nf3 Nc6 3.Nc3 Nf6 4.Bb5 Bd6 5.O-O O-O 6.h3 Nd4 7.Re1 c6 8.Bf1 
Re8 9.d3 Bc5 10.Nxd4 Bxd4 11.Ne2 Bb6 12.Ng3 d5 13.Qf3 h6 14.c3 Be6 15.Be2 
Qe7 16.Bd1 Rad8 17.Bb3 Kh8 18.Bc2 dxe4 19.dxe4 Nd7 20.b4 Qf6 21.Nf5 Nf8 
22.a4 a5 23.Be3 Bxe3 24.Qxe3 axb4 25.cxb4 Bxf5 26.exf5 e4 27.Rad1 Rxd1 28.
Rxd1 Qxf5 29.Rd4 Qf6 30.Rxe4 Rxe4 31.Qxe4 g6 32.Bb3 Kg7 33.Qe8 Ne6 34.Bxe6
Qa1+ 35.Kh2 Qe5+ 36.g3 Qxe6 37.Qb8 Qe2 38.Qf4 1/2-1/2

[Event "14th EUR-ch"]
[Site "Legnica POL"]
[Date "2013.05.07"]
[Round "3"]
[White "Tomazini, Zan"]
[Black "Ardelean, George-Catalin"]
[Result "0-1"]
[WhiteElo "2370"]
[BlackElo "2510"]
[EventDate "2013.05.05"]
[PlyCount "126"]

1.e4 c5 2.c3 Nf6 3.e5 Nd5 4.d4 cxd4 5.cxd4 d6 6.Nf3 Nc6 7.Bc4 Nb6 8.Bb3 
dxe5 9.d5 Na5 10.Nc3 Nxb3 11.Qxb3 e6 12.Nxe5 exd5 13.Be3 Bd6 14.Qb5+ Kf8 
15.Nf3 Bg4 16.Rd1 Rc8 17.a4 Bxf3 18.gxf3 Qh4 19.a5 Nc4 20.Rd4 Qh3 21.Qxd5 
Qe6 22.Ke2 Qxd5 23.Rxd5 Nxe3 24.Rxd6 Ke7 25.Rd4 Nf5 26.Rb4 Nd6 27.Rd1 Rhd8
28.Ne4 Rc2+ 29.Kf1 Rc4 30.Rb3 Rc7 31.Rbd3 Rcd7 32.Nc5 Rc7 33.Re3+ Kf8 34.
Ne4 Rcd7 35.Red3 Ke7 36.Nc5 Rc7 37.b4 b6 38.axb6 axb6 39.Na4 Rb7 40.Nc3 
Rdd7 41.Re3+ Kd8 42.Rde1 Re7 43.Rd1 Rxe3 44.fxe3 Ke7 45.Nd5+ Ke6 46.Nf4+ 
Kd7 47.Nh5 g6 48.Nf6+ Kc6 49.Ke2 h5 50.e4 Ra7 51.Rd2 Ra3 52.Kf2 h4 53.Kg2 
Nc4 54.Rd7 h3+ 55.Kg3 Rxf3+ 56.Kxf3 Ne5+ 57.Kg3 Nxd7 58.Nd5 Kd6 59.Kf4 Ke6
60.Nc7+ Ke7 61.e5 Nb8 62.Nd5+ Ke6 63.b5 Nd7 0-1

[Event "14th EUR-ch"]
[Site "Legnica POL"]
[Date "2013.05.07"]
[Round "3"]
[White "Gallagher, Joseph"]
[Black "Przezdziecka, Marta"]
[Result "1-0"]
[WhiteElo "2507"]
[BlackElo "2302"]
[EventDate "2013.05.05"]
[PlyCount "71"]

1.e4 c5 2.Nf3 Nc6 3.Bb5 d6 4.Bxc6+ bxc6 5.O-O e5 6.c3 g5 7.d4 g4 8.Nfd2 
cxd4 9.cxd4 exd4 10.Nc4 c5 11.Re1 Be6 12.Nba3 Be7 13.e5 d5 14.Nd6+ Bxd6 
15.exd6 Qxd6 16.b4 Ne7 17.bxc5 Qxc5 18.Bb2 Rg8 19.Nc2 Nf5 20.Nxd4 Nxd4 21.
Bxd4 Qa5 22.Qd3 Kd7 23.Bc3 Qa4 24.Be5 Rgc8 25.Rab1 Qc6 26.Qa3 Ke8 27.Bf6 
Qc5 28.Qa4+ Qc6 29.Qxg4 Kd7 30.Qb4 Qc5 31.Qa4+ Qc6 32.Qa3 Qc5 33.Rb7+ Ke8 
34.Qg3 Qf8 35.Qg5 h6 36.Rxe6+ 1-0

[Event "14th EUR-ch"]
[Site "Legnica POL"]
[Date "2013.05.07"]
[Round "3"]
[White "Vedder, Henk"]
[Black "Michiels, Bart"]
[Result "0-1"]
[WhiteElo "2368"]
[BlackElo "2505"]
[EventDate "2013.05.05"]
[PlyCount "110"]

1.e4 c5 2.g3 Nc6 3.Bg2 g6 4.f4 Bg7 5.d3 e6 6.c3 d5 7.e5 Nge7 8.Be3 b6 9.
Nf3 f6 10.exf6 Bxf6 11.O-O O-O 12.d4 Qd6 13.Bf2 Nf5 14.a3 a5 15.b3 Ba6 16.
Re1 Rac8 17.Ra2 cxd4 18.cxd4 Bg7 19.Nc3 Rfe8 20.Qd2 Qb8 21.Rc2 Bf8 22.Nxd5
exd5 23.Rxe8 Rxe8 24.Rxc6 Bb5 25.Rc2 Re2 26.Qc1 Rxc2 27.Qxc2 Bxa3 28.Ne5 
Ne7 29.g4 Qf8 30.Be3 Bd6 31.h4 Kg7 32.Qf2 a4 33.bxa4 Bxa4 34.Bh3 Ng8 35.f5
gxf5 36.gxf5 Kh8 37.Bf4 Nf6 38.Nf7+ Qxf7 39.Bxd6 Qg7+ 40.Bg2 Ne4 41.f6 Qf7
42.Qf4 Bd7 43.Be5 Kg8 44.Kh2 Qg6 45.Qf3 Be6 46.Bh3 Bf7 47.Bf5 Qh5 48.Qg2+ 
Bg6 49.Be6+ Kf8 50.Qb2 Qxh4+ 51.Kg2 Nxf6 52.Qa3+ Ke8 53.Qa8+ Ke7 54.Bxf6+ 
Qxf6 55.Bxd5 Qxd4 0-1

[Event "14th EUR-ch"]
[Site "Legnica POL"]
[Date "2013.05.07"]
[Round "3"]
[White "Airapetian, Yury"]
[Black "Szumilas, Piotr"]
[Result "1-0"]
[WhiteElo "2498"]
[BlackElo "2198"]
[EventDate "2013.05.05"]
[PlyCount "103"]

1.d4 d5 2.c4 dxc4 3.Nf3 Nf6 4.e3 Bg4 5.Bxc4 e6 6.O-O Bd6 7.Be2 Nbd7 8.Nbd2
O-O 9.Nc4 Be7 10.b3 Nb6 11.Bb2 Nxc4 12.bxc4 c5 13.Qb3 cxd4 14.exd4 Qc7 15.
h3 Bh5 16.Rfd1 Rfd8 17.Rac1 b6 18.d5 exd5 19.cxd5 Qb7 20.g4 Bg6 21.Ne5 Bd6
22.Bb5 Rac8 23.Nc6 Rf8 24.Qa4 Rc7 25.f4 h6 26.Be5 Ne4 27.f5 Nc5 28.Qf4 
Bxe5 29.Nxe5 Bh7 30.d6 Rcc8 31.d7 Rcd8 32.Qf3 Qxf3 33.Nxf3 g6 34.f6 g5 35.
Ne5 Be4 36.Rd4 Bb7 37.Rcd1 Ne4 38.Rxe4 Bxe4 39.Kf2 Bb7 40.Rd2 Rb8 41.Bc4 
Rbd8 42.Rd6 Be4 43.Kg3 Bb7 44.h4 gxh4+ 45.Kxh4 Be4 46.Rd4 Bb7 47.Kh5 Kh7 
48.Bd3+ Kg8 49.Kxh6 Bc8 50.g5 Bxd7 51.Bh7+ Kh8 52.g6 1-0

[Event "14th EUR-ch"]
[Site "Legnica POL"]
[Date "2013.05.07"]
[Round "3"]
[White "Stanciu, Alexandru-Ovidiu"]
[Black "Tratar, Marko"]
[Result "0-1"]
[WhiteElo "2335"]
[BlackElo "2498"]
[EventDate "2013.05.05"]
[PlyCount "54"]

1.d4 Nf6 2.c4 e6 3.Nc3 Bb4 4.a3 Bxc3+ 5.bxc3 c5 6.e3 Nc6 7.Bd3 e5 8.Ne2 d6
9.O-O e4 10.Bb1 O-O 11.Ng3 Re8 12.f3 exf3 13.Qxf3 Be6 14.Bd3 Rc8 15.Rb1 b6
16.Ne4 Nxe4 17.Bxe4 Na5 18.d5 f5 19.Bd3 Bd7 20.g4 Qh4 21.Bxf5 Bxf5 22.Qxf5
Nxc4 23.e4 Qe7 24.Re1 Rf8 25.Qg5 Qxg5 26.Bxg5 Rce8 27.a4 Ne5 0-1

[Event "14th EUR-ch"]
[Site "Legnica POL"]
[Date "2013.05.07"]
[Round "3"]
[White "Maevsky, Nikolay"]
[Black "Holzke, Frank"]
[Result "1/2-1/2"]
[WhiteElo "2323"]
[BlackElo "2499"]
[EventDate "2013.05.05"]
[PlyCount "80"]

1.Nf3 d5 2.d4 Nf6 3.Bf4 c5 4.e3 Nc6 5.c3 cxd4 6.exd4 a6 7.Nbd2 Bf5 8.h3 e6
9.Be2 Bd6 10.Bxd6 Qxd6 11.O-O O-O 12.Re1 h6 13.Nb3 Nd7 14.Bd3 Bxd3 15.Qxd3
b5 16.Nbd2 Nb6 17.a3 Nc4 18.b4 e5 19.dxe5 N6xe5 20.Nxe5 Nxe5 21.Qg3 Rfe8 
22.Nf3 Nxf3+ 23.Qxf3 Re5 24.Rxe5 Qxe5 25.Rd1 Rd8 26.Rd3 Qe1+ 27.Kh2 Qc1 
28.Rxd5 Rxd5 29.Qxd5 Qf4+ 30.Kg1 Qc1+ 31.Kh2 Qf4+ 32.Kg1 Qc1+ 33.Kh2 Qf4+ 
34.Kg1 Qc1+ 35.Kh2 Qf4+ 36.Kg1 Qc1+ 37.Kh2 Qf4+ 38.Kg1 Qc1+ 39.Kh2 Qf4+ 
40.Kg1 Qc1+ 1/2-1/2

[Event "14th EUR-ch"]
[Site "Legnica POL"]
[Date "2013.05.07"]
[Round "3"]
[White "Vuilleumier, Alexandre"]
[Black "Neverov, Valeriy"]
[Result "0-1"]
[WhiteElo "2319"]
[BlackElo "2489"]
[EventDate "2013.05.05"]
[PlyCount "78"]

1.e4 c5 2.Nf3 e6 3.c3 Nf6 4.e5 Nd5 5.Bc4 Na6 6.O-O Nac7 7.d4 b5 8.Bd3 c4 
9.Bc2 Be7 10.Nbd2 O-O 11.Ne4 f5 12.exf6 gxf6 13.Bh6 Rf7 14.Qd2 Bb7 15.b3 
d6 16.Rfb1 Bc6 17.a4 cxb3 18.Bxb3 bxa4 19.Bxa4 Bxa4 20.Rxa4 Nb6 21.Ra2 
Ncd5 22.Qe1 Qd7 23.Rba1 Kh8 24.Ng3 Bf8 25.Bxf8 Rfxf8 26.Re2 Rfe8 27.Qc1 
Rac8 28.Qh6 Qf7 29.Rea2 Re7 30.Ne4 Rd7 31.h3 Rcc7 32.Nfd2 Qg7 33.Qh4 Qg6 
34.Ra6 f5 35.Ng5 Rg7 36.Ndf3 h6 37.g3 Kg8 38.Nxe6 Qxe6 39.Qd8+ Kh7 0-1

[Event "14th EUR-ch"]
[Site "Legnica POL"]
[Date "2013.05.07"]
[Round "3"]
[White "Wagner, Dennis"]
[Black "Zawadzka, Jolanta"]
[Result "0-1"]
[WhiteElo "2487"]
[BlackElo "2383"]
[EventDate "2013.05.05"]
[PlyCount "118"]

1.d4 d5 2.c4 e6 3.Nf3 Nf6 4.g3 dxc4 5.Bg2 Bd7 6.Ne5 Bc6 7.Nxc6 Nxc6 8.O-O 
Qd7 9.e3 O-O-O 10.Nd2 h5 11.h4 Nd5 12.Nxc4 Be7 13.b4 Ndxb4 14.Rb1 g5 15.
Bd2 Nd5 16.Qb3 b6 17.hxg5 h4 18.Qa4 Bxg5 19.Rfe1 hxg3 20.fxg3 Kb8 21.Rb3 
Ne5 22.Qxd7 Nxd7 23.a4 Rdg8 24.a5 f5 25.Ra1 Bh6 26.Kf2 Bf8 27.Rb2 N7f6 28.
Ne5 Ng4+ 29.Nxg4 Rxg4 30.axb6 cxb6 31.Rba2 Rh7 32.Bf3 Rgg7 33.e4 fxe4 34.
Bxe4 Rh5 35.Bxd5 Rxd5 36.Bf4+ Bd6 37.Ke3 Bxf4+ 38.gxf4 Rgd7 39.Rd2 a5 40.
Rh1 Kb7 41.Rh6 R5d6 42.f5 exf5 43.Rxd6 Rxd6 44.d5 b5 45.Kd4 Kb6 46.Rf2 a4 
47.Rxf5 Rh6 48.Rf4 a3 49.Ke3 Kc5 50.Rf3 Rh2 51.d6 b4 52.Kd3 Kxd6 53.Kc4 a2
54.Rf6+ Ke5 55.Ra6 Rb2 56.Ra5+ Ke4 57.Ra7 Ke3 58.Ra8 b3 59.Kc3 Rb1 0-1

[Event "14th EUR-ch"]
[Site "Legnica POL"]
[Date "2013.05.07"]
[Round "3"]
[White "Worek, Joanna"]
[Black "Matsenko, Sergei"]
[Result "1-0"]
[WhiteElo "2299"]
[BlackElo "2485"]
[EventDate "2013.05.05"]
[PlyCount "171"]

1.d4 d5 2.c4 c6 3.Nc3 Nf6 4.Nf3 e6 5.Bg5 h6 6.Bh4 Be7 7.e3 O-O 8.Rc1 Nbd7 
9.a3 b6 10.cxd5 exd5 11.Be2 Bb7 12.O-O Re8 13.b4 a5 14.Qb3 b5 15.Bg3 Bf8 
16.Ne1 Qe7 17.Nd3 Ne4 18.Nxe4 dxe4 19.Nc5 Nxc5 20.bxc5 Red8 21.Rfd1 Qe8 
22.f3 Rac8 23.fxe4 Qxe4 24.Bf3 Qg6 25.e4 Re8 26.Bf2 Rxe4 27.Bxe4 Qxe4 28.
Re1 Qg4 29.Re5 a4 30.Qe3 f6 31.Re8 Qd7 32.Re1 Kf7 33.Re4 Rd8 34.h4 Bc8 35.
h5 Qd5 36.Re8 Qd7 37.Rxd8 Qxd8 38.Qe4 Bd7 39.d5 Qc8 40.Qg6+ Kg8 41.d6 Be6 
42.Qd3 Bd5 43.Qg3 Qf5 44.Qg6 Qd7 45.Bd4 Bf7 46.Qg3 Qf5 47.Qf3 Qd7 48.Qf4 
Bxh5 49.Re3 Bg4 50.Qe4 Kf7 51.Re1 Be6 52.Rf1 Bd5 53.Qh7 Ke8 54.Qg6+ Qf7 
55.Re1+ Kd7 56.Qf5+ Be6 57.Qf3 Bd5 58.Qh3+ f5 59.Re5 Be6 60.Qc3 Ke8 61.Qa5
Qd7 62.Re3 Kf7 63.Qc3 Kg8 64.Qe1 Bd5 65.Qg3 Be4 66.Qe5 Qf7 67.g4 Qa2 68.
Rxe4 fxe4 69.Qxe4 Qc4 70.Kg2 Kf7 71.Qf3+ Kg8 72.Bf2 Qe6 73.Bg3 g6 74.Qxc6 
b4 75.axb4 a3 76.Qa8 a2 77.d7 Qe2+ 78.Kh3 Qf1+ 79.Kh2 a1=Q 80.Qxa1 Qxa1 
81.d8=Q Qb2+ 82.Kh3 Qxb4 83.Qd5+ Kh7 84.Qf7+ Bg7 85.Be5 Qa3+ 86.Kh2 1-0

[Event "14th EUR-ch"]
[Site "Legnica POL"]
[Date "2013.05.07"]
[Round "3"]
[White "Muzychuk, Mariya"]
[Black "Posedaru, Bogdan"]
[Result "1-0"]
[WhiteElo "2483"]
[BlackElo "2339"]
[EventDate "2013.05.05"]
[PlyCount "89"]

1.e4 c5 2.Nc3 Nc6 3.Bb5 Nd4 4.Nf3 e6 5.O-O a6 6.Bd3 Nxf3+ 7.Qxf3 Qc7 8.Qg3
Qxg3 9.hxg3 b6 10.b3 Ne7 11.e5 Nc6 12.Be4 Bb7 13.Bb2 O-O-O 14.Ne2 d5 15.
exd6 Rxd6 16.d3 Nd4 17.Nxd4 cxd4 18.f4 g6 19.c4 Bg7 20.Rfe1 Bxe4 21.Rxe4 
f5 22.Re2 g5 23.fxg5 Kd7 24.Rf1 h5 25.b4 Rg8 26.Bc1 b5 27.Bf4 e5 28.Bxe5 
Re6 29.Rxf5 Rge8 30.Rf7+ R8e7 31.Rxe7+ Kxe7 32.Bxg7 Rxe2 33.c5 Re3 34.Bxd4
Rxd3 35.Be5 Ke6 36.Bf4 Ra3 37.c6 Rxa2 38.c7 Rc2 39.Kh2 Kf5 40.Kh3 Kg6 41.
Bd6 Rc1 42.g4 Kxg5 43.Bc5 Kf4 44.g3+ Kf3 45.Kh4 1-0